002060000a220007300045001000019000002450022000193000045000417730046000861 aRitchie, Bruce10aTheological logic aVol. 4, Num. 2 (1986), Páginas 109-1220 tScottish Bulletin of Evangelical Theology